00364 2200145 4500001002100000005001500021008004100036020002200077035001900099082000800118090001400126100001300140245004100153260002400194INLIS00000000001050520241224114019241224||||||||| | ||| |||| ||  a978-979-054-285-3 0010-12240105050 a796 a796 ANN m0 aAminudin00aTeknik Penjelajah di sekitar sekolah aBogorbQuadrac2010